00831nac a22002291u 4500010001300000020002700013082002300040090001500063100003400078245007500112260003000187300002900217500001400246500003400260504003900294650003600333650004200369650004000411942002500451999001500476952011000491 a76365424 a0416846203a041684610600a307.7602854bB3552 c1725d1725 aBaxter, Richard Stephe 10aComputer and statistical techniques for planners /cRichard S. Baxter. aLondon :bMethuen,c1976. a336 p. :bill. ;c24 cm. aDonations aDonations - Dr. Mostafa Gouda aIncludes bibliographies and index. 0aCity planningxData processing. 0aCities and townsxSimulation methods. 0aRegional planningxData processing. cBBk307.7602854B3552 c1725d1725 00104070aMAINbMAINc1STd2006-12-11ePurchasel0o307.7602854 BAXp000002592r2025-07-15 00:00:00yBB